| 000 | 01512cam a2200385 a 4500 | ||
|---|---|---|---|
| 001 | 12724022 | ||
| 003 | OSt | ||
| 005 | 20140310184421.0 | ||
| 008 | 020329s2003 maua j 000 1 eng | ||
| 010 | _a 2002067053 | ||
| 020 | _a0439578116X (hc. : alk. paper) | ||
| 040 |
_aDLC _cDLC _dDLC |
||
| 042 | _alcac | ||
| 050 | 0 | 0 |
_aPZ 7 _b.M478419 2003 |
| 100 | 1 |
_aMcDonald, Megan. _926682 |
|
| 245 | 1 | 0 |
_aJudy Moody predicts the future / _cMegan McDonald ; illustrated by Peter Reynolds. |
| 250 | _a1st ed. | ||
| 260 |
_aCambridge, Mass. : _bCandlewick Press, _c2003. |
||
| 300 |
_a146 p. : _bill. ; _c19 cm. |
||
| 520 | _aAfter Judy obtains a mood ring, she tries to convince herself and her third-grade classmates that she can predict the future. | ||
| 521 | _aG2 | ||
| 526 | _c390 | ||
| 650 | 1 |
_aProphecies _vFiction. _926683 |
|
| 650 | 1 |
_aRings _vFiction. _926684 |
|
| 650 | 1 |
_aSchools _vFiction. _926685 |
|
| 700 | 1 |
_aReynolds, Peter, _d1961- _eill. _926686 |
|
| 856 | 4 | 2 |
_3Contributor biographical information _uhttp://www.loc.gov/catdir/enhancements/fy0664/2002067053-b.html |
| 856 | 4 | 2 |
_3Publisher description _uhttp://www.loc.gov/catdir/enhancements/fy0664/2002067053-d.html |
| 856 | 4 | 1 |
_3Sample text _uhttp://www.loc.gov/catdir/enhancements/fy0664/2002067053-s.html |
| 906 |
_a7 _bcbc _corignew _d1 _eocip _f20 _gy-gencatlg |
||
| 942 |
_2lcc _cBK-SCHOLAS |
||
| 999 |
_c34233 _d34233 |
||